Loreto College Library, Kolkata
WEBOPAC (ONLINE PUBLIC ACCESS CATALOGUE)

Churchill (Record no. 4107)

MARC details
000 -LEADER
fixed length control field 00549nam a2200193Ia 4500
005 - DATE AND TIME OF LATEST TRANSACTION
control field 20230701143833.0
008 - FIXED-LENGTH DATA ELEMENTS--GENERAL INFORMATION
fixed length control field 131103s9999 xx 000 0 und d
040 ## - CATALOGING SOURCE
Original cataloging agency Loreto College
041 ## - LANGUAGE CODE
Language code English
082 ## - DDC | ডিউই
Classification number | বর্গসংখ্যা 940.53
Book Number | গ্রন্থাঙ্ক CHU
245 ## - TITLE STATEMENT | অাখ্যা বিবরণী
Title | অাখ্যা Churchill
Statement of responsibility | লেখকের দায়িত্বের বিবরণ written and edited by the staff of The New York Times
260 ## - IMPRINT | প্রকাশনা ক্ষেত্র
Place of publication | প্রকাশ স্থান Toranto
Name of publisher | প্রকাশকের নাম Bandam Books
Date of publication | প্রকাশ কাল 1965
300 ## - PHYSICAL DESCRIPTION |
Page / Vol. No | পৃষ্ঠা / খন্ড সংখ্যা 160 p.
Other physical details | অনান্য বাহ্যিক বিবরণ ill.
630 ## - SUBJECT ADDED ENTRY--UNIFORM TITLE
Uniform title Europe - Modern History,1874 - 1965
650 ## - SUBJECT ADDED ENTRY--TOPICAL TERM | বিষয় শিরোনাম - মূল বিষয়
Topical term | মূল বিষয় Churchill,Winston,1874 - 1965
651 ## - SUBJECT ADDED ENTRY--GEOGRAPHIC NAME | বিষয় শিরোনাম - ভৌগলিক নাম
Geographic name | ভৌগলিক বিষয় THE NEW YORK TIMES
850 ## - HOLDING INSTITUTION
Holding institution LCLIB
942 ## - ADDED ENTRY ELEMENTS (KOHA)
Koha item type Books
Holdings
Withdrawn status Lost status Source of classification Damaged status Not for loan Home library Current library Date acquired Total Checkouts Full call number Accession No. Date last seen Price effective from Koha item type Coded location qualifier
    Dewey Decimal Classification     Loreto College Loreto College 04/11/2013   940.53 CHU 12707 B3975 04/11/2013 04/11/2013 Books